000 01612nam a2200301 i 4500
001 000022025
003 DO-SdBNP
005 20260130084706.0
007 ta
008 100916s1948 cu ac r 001 0dspa d
040 _aDO-SdBNP
_bspa
_cBNPHU
_erda
041 _aspa
082 4 _a972.9106
_bH519t 1948
_222
100 1 _aHenríquez y Carvajal, Federico,
_d1848-1952
_eautor
_4aut.
_97792
245 1 0 _a¡Todo por Cuba! :
_bhomenaje del Municipio de la Habana al preclaro dominicano, "gran amigo de Cuba," Federico Henríquez y Carvajal, con ocasión de cumplir cien años de vida gloriosa. 1848-Septiembre 16-1948 /
_cFederico Henríquez y Carvajal.
264 1 _aLa Habana :
_bOficina del Historiador de la Ciudad,
_c1948.
300 _a140 páginas :
_bilustraciones, retratos ;
_c23 cm.
336 _atexto
_btxt
_2rdacontent
337 _asin mediación
_bn
_2rda media
338 _avolumen
_bnc
_2rdacarrier
500 _aIncluye referencias bibliográficas y notas al pie de las páginas.
505 0 _aNota preliminar /
_rJosé Martí y Federico Henríquez y Carvajal /
_tHomenajes cubanos y continentales a Federico Henríquez y Carvajal --
_tFederico Henríquez y Carvajal: una conciencia dominicana al servicio de la emancipación de Cuba /
_tUna visita inolvidable a Don Federico /
_tTrabajos de Federico Henríquez y Carvajal sobre Cuba --
_tMensaje a América en mi centenario.
590 _aInventariado, 2026/BT
651 4 _aCuba
_xHistoria
_y1878-1895
_xEnsayos, conferencias, etc.
_934424
651 4 _aCuba
_xBiografías
_945664
910 _aValidado. Control de calidad. EMS
942 _2ddc
_cLBS1
999 _c21523
_d21523